Provincial Birds of Pakistan - Statistics

General Stats
  • This quiz has been taken 9 times
  • The average score is 5 of 7
Answer Stats
Picture Hint Answer % Correct
Islamabad Capital Territory Rose-ringed Parakeet
100%
Punjab Indian Peafowl
86%
Balochistan Asian Houbara Bustard
57%
Khyber Pakhtunkhwa Kalij Pheasant
57%
Azad Kashmir Koklass Pheasant
57%
Gilgit-Baltistan Peregrine Falcon (Shaheen)
57%
Sindh Black Francolin
43%
No matching quizzes found
Score Distribution
Percent of People with Each Score
Percentile by Number Answered
Your Score History
You have not taken this quiz